| 000 | 00889cam a2200265 a 4500 | ||
|---|---|---|---|
| 001 | 12752578 | ||
| 003 | OSt | ||
| 005 | 20140310181757.0 | ||
| 008 | 020424s2001 xxu d 000 0 eng | ||
| 010 | _a 2002281495 | ||
| 020 | _a1888777540 | ||
| 040 |
_aDLC _cDLC _dDLC |
||
| 050 | 0 | 0 |
_aQA 76.15 _b.N532 2000 |
| 082 | 0 | 0 |
_aR 011.02 _bN42 2000 |
| 110 |
_aTrident Press International _920996 |
||
| 245 | 0 | 4 | _aThe new international Webster's pocket computer dictionary of the English language / |
| 246 | 3 | 0 | _aWebster's pocket computer dictionary |
| 260 |
_a[S.l.] : _bTrident Press International, _cc2000. |
||
| 300 |
_a318 p. : _c17 cm. |
||
| 650 | 0 |
_aComputers _vDictionaries. _921773 |
|
| 906 |
_a7 _bcbc _corigcop _d2 _encip _f20 _gy-gencatlg |
||
| 942 |
_2lcc _cBK-SFU |
||
| 999 |
_c3511 _d3511 |
||